X-Men Quiz 3: Dazzler - Statistics

General Stats
  • This quiz has been taken 7 times
  • The average score is 6 of 11
Answer Stats
Hint Answer % Correct
What Is The Dazzler's Name? Alison Blaire
86%
What Is The Dazzler's Main Profession? Singer
86%
Who Is The Big Green Guy That Dazzler Befriends In The Original Dazzler #7? The Hulk
86%
What Is Dazzler Unapologetically Proud Of Being? (She Tries To Spread Love For Her Kind Through Song And Normalizing Herself In The Pop Culture World) A Mutant
71%
Who Is One Of The People Who The Dazzler Goes Vampire Hunting With In X-Terminator? Jubilee, Boom-Boom, and Laura Kinney
71%
What Are The Dazzler's Powers? Transmutes Sound Into Light
57%
In The New Dazzler (2024) Series, Who Trained Her In Self-Defense And Is Her Head Of Security? Domino
43%
Who Left The Dazzler When She Was Little? Her Mother
43%
Where Was She Born? Gardendale, New York
29%
Who Was She Married To Before She Left For Utopia? Longshot
29%
What Does The Dazzler Use For Movement While Performing? Rollerskates
29%
No matching quizzes found
Score Distribution
Percent of People with Each Score
Percentile by Number Answered
Your Score History
You have not taken this quiz